000 00885nam a2200253 4500
003 OSt
005 20240731013143.0
006 a
008 240731b |||||||| |||| 00| 0 eng d
020 _a9780495898597
040 _aDWCL-Main lib.
_cOC
082 _2Ninth edition
_aCirc. 808.042 F278e 2011
100 _aFawcett, Susan
245 _aEvergreen : a guide to writing with readings /
250 _aNinth edition
260 _aBoston :
_bWadsworth , Cengage Learning,
_cc2011.
300 _axviii,
_b633 p. : col. ill. ;
_c28 cm.
504 _aIncludes index.
650 _a1. English language-rhetoric-Problems, exercises, etc.
650 _a2. English language-Grammar-Problems, exercises, etc.
650 _a3. Report writing-Problems, exercises, etc.
650 _a4. Report writing-Problems, exercises, etc.
942 _2ddc
_n0
_cBK-CIRC
_eNinth edition
_kCirc.
999 _c2993
_d2993